Statistics for All Bon Jovi Songs

Click here to take the quiz!

General Stats

  • This quiz has been taken 111 times
    (109 since last reset)
  • The average score is 34 of 257

Answer Stats

AlbumSong% Correct
Slippery When WetLivin' on a Prayer
95%
Slippery When WetYou Give Love a Bad Name
77%
CrushIt's My Life
76%
Slippery When WetWanted Dead or Alive
74%
Keep the FaithKeep the Faith
69%
Cross RoadAlways
68%
Have a Nice DayHave a Nice Day
65%
Bon JoviRunaway
65%
New JerseyBad Medicine
64%
Keep the FaithBed of Roses
62%
New JerseyI'll Be There for You
57%
These DaysThese Days
51%
Lost HighwayLost Highway
46%
This House Is Not for SaleThis House Is Not for Sale
45%
New JerseyBorn to Be My Baby
41%
BounceBounce
41%
New JerseyLay Your Hands on Me
38%
Burning BridgesBurning Bridges
35%
Slippery When WetNever Say Goodbye
35%
These DaysThis Ain't a Love Song
35%
Keep the FaithI'll Sleep When I'm Dead
31%
Keep the FaithIn These Arms
31%
CrushThank You for Loving Me
31%
What About NowWhat About Now
31%
Keep the FaithDry County
30%
7800° FahrenheitIn and Out of Love
30%
New JerseyBlood on Blood
28%
Slippery When WetRaise Your Hands
28%
Cross RoadSomeday I'll Be Saturday Night
27%
CrushCaptain Crash & The Beauty Queen from Mars
26%
CrushOne Wild Night
26%
The CircleWe Weren't Born to Follow
26%
Lost Highway(You Want To) Make a Memory
26%
New Jersey99 in the Shade
24%
BounceEveryday
24%
New JerseyLiving in Sin
24%
Bon JoviShot Through the Heart
24%
Have a Nice DayWho Says You Can't Go Home
24%
Keep the FaithI Believe
23%
Slippery When WetLet It Rock
23%
These DaysHey God
22%
Slippery When WetWild in the Streets
22%
These DaysDiamond Ring
20%
Keep the FaithIf I Was Your Mother
20%
Bon JoviShe Don't Know Me
20%
7800° FahrenheitTokyo Road
20%
Slippery When WetI'd Die for You
19%
CrushJust Older
19%
BounceMisunderstood
19%
These DaysMy Guitar Lies Bleeding in My Arms
19%
New JerseyRide Cowboy Ride
19%
Bon JoviRoulette
19%
Slippery When WetSocial Disease
19%
These DaysSomething for the Pain
19%
New JerseyStick to Your Guns
19%
Keep the FaithBlame It on the Love of Rock & Roll
18%
Keep the FaithI Want You
18%
Have a Nice DayLast Cigarette
18%
Have a Nice DayLast Man Standing
18%
These DaysLie to Me
18%
New JerseyLove for Sale
18%
CrushSay It Isn't So
18%
These DaysSomething to Believe In
18%
New JerseyWild Is the Wind
18%
Keep the FaithWoman in Love
18%
What About NowBecause We Can
16%
Keep the FaithFear
16%
These DaysHearts Breaking Even
16%
BounceJoey
16%
Lost HighwayWhole Lot of Leavin'
16%
Bon JoviBreakout
15%
These DaysDamned
15%
New JerseyHomebound Train
15%
Lost HighwayI Love This Town
15%
7800° FahrenheitKing of the Mountain
15%
7800° FahrenheitOnly Lonely
15%
Cross RoadPrayer '94
15%
This House Is Not for SaleRoller Coaster
15%
7800° FahrenheitSilent Night
15%
7800° FahrenheitThe Hardest Part Is the Night
15%
Bon JoviCome Back
14%
Bon JoviGet Ready
14%
Bon JoviLove Lies
14%
EDtv (Soundtrack)Real Life
14%
The CircleSuperman Tonight
14%
7800° FahrenheitTo the Fire
14%
CrushTwo Story Town
14%
BounceUndivided
14%
Have a Nice DayWelcome to Wherever You Are
14%
The CircleWhen We Were Beautiful
14%
Slippery When WetWithout Love
14%
The CircleWork for the Working Man
14%
CrushI Got the Girl
12%
These Days(It's Hard) Letting You Go
12%
2020Limitless
12%
BounceOpen All Night
12%
100,000,000 Bon Jovi Fans Can't Be WrongOpen All Night (#2)
12%
Lost HighwayWe Got It Going On
12%
Have a Nice DayWildflower
12%
BounceAll About Lovin' You
11%
Have a Nice DayI Am
11%
Have a Nice DayNovocaine
11%
7800° FahrenheitSecret Dreams
11%
Have a Nice DayStory of My Life
11%
100,000,000 Bon Jovi Fans Can't Be WrongThe Radio Saved My Life Tonight
11%
7800° FahrenheitAlways Run to You
9%
Lost HighwayAny Other Day
9%
The CircleBullet
9%
Have a Nice DayComplicated
9%
2020Do What You Can
9%
BounceHook Me Up
9%
Have a Nice DayI Want to Be Loved
9%
Keep the FaithLittle Bit of Soul
9%
CrushMystery Train
9%
Greatest HitsNo Apologies
9%
Lost HighwayOne Step Closer
9%
BounceRight Side of Wrong
9%
CrushShe's a Mystery
9%
Lost HighwaySummertime
9%
BounceThe Distance
9%
Lost HighwayTill We Ain't Strangers Anymore
9%
Burning BridgesWe Don't Run
9%
Greatest HitsWhat Do You Got?
9%
What About NowAmen
8%
Have a Nice DayBells of Freedom
8%
These DaysBitter Wine
8%
Bon JoviBurning for Love
8%
100,000,000 Bon Jovi Fans Can't Be WrongGood Guys Don't Always Wear White
8%
This House Is Not for SaleKnockout
8%
100,000,000 Bon Jovi Fans Can't Be WrongLonely at the Top
8%
CrushNext 100 Years
8%
Burning BridgesSaturday Night Gave Me Sunday Morning
8%
CrushSave the World
8%
This House Is Not for SaleScars on This Guitar
8%
Lost HighwaySeat Next to You
8%
What About NowThat's What the Water Made Me
8%
7800° FahrenheitThe Price of Love
8%
The CircleThorn in My Side
8%
This House Is Not for SaleWhen We Were Us
8%
BounceYou Had Me from Hello
8%
These DaysAll I Want Is Everything
7%
Burning BridgesA Teardrop to the Sea
7%
Burning BridgesBlind Love
7%
The CircleFast Cars
7%
The CircleHappy Now
7%
These DaysIf That's What It Takes
7%
100,000,000 Bon Jovi Fans Can't Be WrongLove Ain't Nothing But a Four Letter Word
7%
BounceLove Me Back to Life
7%
100,000,000 Bon Jovi Fans Can't Be WrongMiss Fourth of July
7%
Keep the FaithSave a Prayer
7%
Lost HighwayThe Last Night
7%
2020American Reckoning
5%
What About NowArmy of One
5%
2020Beautiful Drug
5%
100,000,000 Bon Jovi Fans Can't Be WrongBilly
5%
100,000,000 Bon Jovi Fans Can't Be WrongBreathe
5%
The CircleBrokenpromiseland
5%
2020Brothers in Arms
5%
100,000,000 Bon Jovi Fans Can't Be WrongEdge of a Broken Heart
5%
Burning BridgesFingerprints
5%
This House Is Not for SaleGod Bless This Mess
5%
Lost HighwayHallelujah
5%
One Wild Night Live 1985-2001I Don't Like Mondays
5%
Burning BridgesI'm Your Man
5%
The CircleLive Before You Die
5%
This House Is Not for SaleLiving with the Ghost
5%
The CircleLove's the Only Rule
5%
CrushNeurotica
5%
What About NowPictures of You
5%
This House Is Not for SaleReal Love
5%
This House Is Not for SaleReunion
5%
2020Story of Love
5%
100,000,000 Bon Jovi Fans Can't Be WrongTaking It Back
5%
What About NowThick as Thieves
5%
2020Unbroken
5%
100,000,000 Bon Jovi Fans Can't Be WrongWhy Aren't You Dead?
5%
What About NowBeautiful World
4%
2020Blood in the Water
4%
This House Is Not for SaleCome On Up to Our House
4%
Lost HighwayEverybody's Broken
4%
100,000,000 Bon Jovi Fans Can't Be WrongIf I Can't Have Your Love
4%
100,000,000 Bon Jovi Fans Can't Be WrongI Get a Rush
4%
This House Is Not for SaleLabor of Love
4%
The CircleLearn to Love
4%
100,000,000 Bon Jovi Fans Can't Be WrongLove Is War
4%
2020Lower the Flag
4%
100,000,000 Bon Jovi Fans Can't Be WrongMemphis Lives in Me
4%
This House Is Not for SaleNew Year's Day
4%
100,000,000 Bon Jovi Fans Can't Be WrongOut of Bounds
4%
100,000,000 Bon Jovi Fans Can't Be WrongRich Man Living in a Poor Man's House
4%
Live from OsakaRockin' in the Free World
4%
100,000,000 Bon Jovi Fans Can't Be WrongSatellite
4%
100,000,000 Bon Jovi Fans Can't Be WrongStarting All Over Again
4%
100,000,000 Bon Jovi Fans Can't Be WrongSympathy
4%
This House Is Not for SaleThe Devil's in the Temple
4%
What About NowThe Fighter
4%
100,000,000 Bon Jovi Fans Can't Be WrongThe Fire Inside
4%
100,000,000 Bon Jovi Fans Can't Be WrongThese Arms Are Open All Night
4%
Have a Nice DayThese Open Arms
4%
100,000,000 Bon Jovi Fans Can't Be WrongThief of Hearts
4%
Greatest HitsThis Is Our House
4%
100,000,000 Bon Jovi Fans Can't Be WrongToo Much of a Good Thing
4%
This House Is Not for SaleWalls
4%
100,000,000 Bon Jovi Fans Can't Be WrongWe Rule the Night
4%
What About NowWhat's Left of Me
4%
This House Is Not for SaleBorn Again Tomorrow
3%
100,000,000 Bon Jovi Fans Can't Be WrongEvery Beat of My Heart
3%
100,000,000 Bon Jovi Fans Can't Be WrongGarageland
3%
100,000,000 Bon Jovi Fans Can't Be WrongGotta Have a Reason
3%
100,000,000 Bon Jovi Fans Can't Be WrongHush
3%
CrushI Could Make a Living Out of Lovin' You
3%
100,000,000 Bon Jovi Fans Can't Be WrongI Just Want to Be Your Man
3%
What About NowI'm with You
3%
This House Is Not for SaleI Will Drive You Home
3%
100,000,000 Bon Jovi Fans Can't Be WrongKidnap an Angel
3%
100,000,000 Bon Jovi Fans Can't Be WrongLast Chance Train
3%
100,000,000 Bon Jovi Fans Can't Be WrongLet's Make It Baby
3%
100,000,000 Bon Jovi Fans Can't Be WrongLetter to a Friend
3%
100,000,000 Bon Jovi Fans Can't Be WrongMaybe Someday
3%
100,000,000 Bon Jovi Fans Can't Be WrongNobody's Hero
3%
100,000,000 Bon Jovi Fans Can't Be WrongOnly in My Dreams
3%
100,000,000 Bon Jovi Fans Can't Be WrongOrdinary People
3%
100,000,000 Bon Jovi Fans Can't Be WrongOutlaws of Love
3%
100,000,000 Bon Jovi Fans Can't Be WrongShut Up and Kiss Me
3%
100,000,000 Bon Jovi Fans Can't Be WrongSomeday Just Might Be Tonight
3%
100,000,000 Bon Jovi Fans Can't Be WrongTemptation
3%
100,000,000 Bon Jovi Fans Can't Be WrongThe One That Got Away
3%
Have a Nice DayUnbreakable
3%
Burning BridgesWe All Fall Down
3%
Burning BridgesWho Would You Die For
3%
What About NowWith These Two Hands
3%
100,000,000 Bon Jovi Fans Can't Be WrongYou Can Sleep While I Dream
3%
This House Is Not for SaleAll Hail the King
1%
100,000,000 Bon Jovi Fans Can't Be WrongAll I Wanna Do Is You
1%
This House Is Not for SaleColor Me In
1%
100,000,000 Bon Jovi Fans Can't Be WrongCrazy Love
1%
Have a Nice DayDirty Little Secret
1%
100,000,000 Bon Jovi Fans Can't Be WrongFlesh and Bone
1%
What About NowInto the Echo
1%
100,000,000 Bon Jovi Fans Can't Be WrongI Wish Everyday Could Be Like Christmas
1%
Burning BridgesLife Is Beautiful
1%
BouncePostcards from the Wasteland
1%
100,000,000 Bon Jovi Fans Can't Be WrongRiver Runs Dry
1%
What About NowRoom at the End of the World
1%
This House Is Not for SaleTouch of Grey
1%
100,000,000 Bon Jovi Fans Can't Be WrongWith a Little Help from My Friends
1%
100,000,000 Bon Jovi Fans Can't Be WrongAnother Reason to Believe
0%
100,000,000 Bon Jovi Fans Can't Be WrongBorderline
0%
100,000,000 Bon Jovi Fans Can't Be WrongFields of Fire
0%
This House Is Not for SaleGoodnight New York
0%
This Left Feels RightHave a Little Faith in Me
0%
2020Luv Can
0%
BounceNo Regrets
0%
SinglePlease Come Home for Christmas
0%
2020Shine
0%
Burning BridgesTake Back the Night
0%
100,000,000 Bon Jovi Fans Can't Be WrongThe End
0%

Score Distribution

Percentile by Number Answered

Percent of People with Each Score

Your Score History

You have not taken this quiz since the last reset